Tính toán chính xác kết cấu trên máy tính chương trình ADS - 2001

Gespeichert in:
Bibliographische Detailangaben
1. Verfasser: Nguyễn Xuân Hùng
Format: Buch
Sprache:Undetermined
Veröffentlicht: H. KHKT 2002
Schlagworte:
Tags: Tag hinzufügen
Keine Tags, Fügen Sie den ersten Tag hinzu!
Thư viện lưu trữ: Trung tâm Học liệu Trường Đại học Cần Thơ
LEADER 00597nam a2200193Ia 4500
001 CTU_51236
008 210402s9999 xx 000 0 und d
020 |b 54000 
082 |a 620.0285 
082 |b H513 
100 |a Nguyễn Xuân Hùng 
245 0 |a Tính toán chính xác kết cấu trên máy tính chương trình ADS - 2001 
245 0 |c Nguyễn Xuân Hùng 
260 |a H. 
260 |b KHKT 
260 |c 2002 
650 |a civil engineering,ads ( computer programs ) 
650 |x data processing 
980 |a Trung tâm Học liệu Trường Đại học Cần Thơ